Principle of Financial Accounting (Record no. 5231)

MARC details
005 - DATE AND TIME OF LATEST TRANSACTION
control field 20250626081024.0
020 ## - INTERNATIONAL STANDARD BOOK NUMBER
International Standard Book Number 978-0-07-332059-5
082 ## - DEWEY DECIMAL CLASSIFICATION NUMBER
Classification number 657 WIL
100 ## - MAIN ENTRY--PERSONAL NAME
Author name WILD, J. J.
245 ## - TITLE STATEMENT
Title Principle of Financial Accounting
250 ## - EDITION STATEMENT
Edition statement 8th Ed.
260 ## - PUBLICATION, DISTRIBUTION, ETC.
Place of publication, distribution, etc. New York,
Name of publisher, distributor, etc. McGraw Hill,
Date of publication, distribution, etc. 2007.
300 ## - PHYSICAL DESCRIPTION
Extent xxxii, 484p.; ill.; figure, table, figure
Other physical details Glossary, Index
Dimensions 27cm.
700 ## - ADDED ENTRY--PERSONAL NAME
Other authors/Editors LARSON, K. D. & CHIAPPETTA, B.
942 ## - ADDED ENTRY ELEMENTS (KOHA)
Source of classification or shelving scheme Dewey Decimal Classification
Koha item type Books

No items available.